Karl der Grosse, das Papsttum und Byzanz : die Begründung des Karolingischen Kaisertums /

Bibliographic Details
Main Author: Classen, Peter, 1924-
Other Authors: Fuhrmann, Horst, Märtl, Claudia
Format: Book
Language:German
Published: Sigmaringen : J. Thorbecke, 1985.
Series:Beiträge zur Geschichte und Quellenkunde des Mittelalters ; Bd. 9.
Subjects:

MARC

Tag First Indicator Second Indicator Subfields
LEADER 00000cam a2200000 a 4500
001 in00000030147
005 20151007060215.0
008 861024s1985 gw af b 00110 ger
010 |a  86100887  
020 |a 3799557091 
035 |a (OCoLC)13522081 
035 |9 AAC0296AM 
040 |a DLC  |c DLC  |d m/c  |d TXA  |d UtOrBLW 
043 |a e------  |a mm----- 
049 |a TXAM  |c [A11682375] 
050 0 0 |a DC73  |b .C55 1985 
082 0 |a 943/.01  |2 19 
100 1 |a Classen, Peter,  |d 1924- 
245 1 0 |a Karl der Grosse, das Papsttum und Byzanz :  |b die Begründung des Karolingischen Kaisertums /  |c Peter Classen ; nach dem Handexemplar des Verfassers herausgegeben von Horst Fuhrmann und Claudia Märtl. 
264 1 |a Sigmaringen :  |b J. Thorbecke,  |c 1985. 
300 |a xiii, 107 pages, 3 unnumbered pages of plates :  |b illustrations (1 color) ;  |c 25 cm. 
336 |a text  |b txt  |2 rdacontent 
337 |a unmediated  |b n  |2 rdamedia 
338 |a volume  |b nc  |2 rdacarrier 
490 1 |a Beiträge zur Geschichte und Quellenkunde des Mittelalters ;  |v Bd. 9 
504 |a Bibliography: pages [ix]-xiii. 
500 |a Includes index. 
600 0 0 |a Charlemagne,  |c Emperor,  |d 742-814  |x Coronation. 
651 0 |a Holy Roman Empire  |x Foreign relations  |z Byzantine Empire. 
651 0 |a Byzantine Empire  |x Foreign relations  |z Holy Roman Empire. 
700 1 |a Fuhrmann, Horst. 
700 1 |a Märtl, Claudia. 
830 0 |a Beiträge zur Geschichte und Quellenkunde des Mittelalters ;  |v Bd. 9. 
999 |a MARS 
999 f f |s 05a20304-c463-3a1b-969b-abff0aa98494  |i 63ad61ac-e200-347b-bceb-ab7ca0b0da46  |t 0 
952 f f |p ric  |a Texas A&M University  |b Rellis Campus  |c Joint Library Facility  |d Remote Storage  |t 0  |e DC73 .C55 1985  |h Library of Congress classification  |i unmediated -- volume  |m A14811682375 
998 f f |a DC73 .C55 1985  |t 0  |l Remote Storage